Starting an online business all-in-one for dummies, sixth edition / (Record no. 18671)
[ view plain ]
| 000 -LEADER | |
|---|---|
| fixed length control field | 00900nam a22003015i 4500 |
| 005 - DATE AND TIME OF LATEST TRANSACTION | |
| control field | 20230608111900.0 |
| 008 - FIXED-LENGTH DATA ELEMENTS--GENERAL INFORMATION | |
| fixed length control field | 200122s2020 inu 000 0 eng |
| 010 ## - LIBRARY OF CONGRESS CONTROL NUMBER | |
| LC control number | 2020931514 |
| 020 ## - INTERNATIONAL STANDARD BOOK NUMBER | |
| ISBN | 9781119648468 |
| Qualifying information | (paperback) |
| 040 ## - CATALOGING SOURCE | |
| Original cataloging agency | DLC |
| Language of cataloging | eng |
| Description conventions | rda |
| Transcribing agency | DLC |
| 042 ## - AUTHENTICATION CODE | |
| Authentication code | pcc |
| 082 ## - DEWEY DECIMAL CLASSIFICATION NUMBER | |
| Classification number | 025.04 |
| Item number | BEL-S |
| 100 1# - MAIN ENTRY--AUTHOR | |
| Author Name | Belew, Shannon, |
| 245 10 - TITLE STATEMENT | |
| Title | Starting an online business all-in-one for dummies, sixth edition / |
| Remainder of title | <br> |
| Statement of responsibility, etc. | Shannon Belew, Joel Elad. |
| 250 ## - EDITION STATEMENT | |
| Edition statement | 6th. ed.. |
| 260 ## - PUBLICATION, DISTRIBUTION, ETC. | |
| Place of Publication | Canada |
| Name of publisher, distributor, etc. | Wiley |
| Date of publication, distribution, etc. | c2020 |
| 300 ## - PHYSICAL DESCRIPTION | |
| Pages | pages cm |
| 336 ## - CONTENT TYPE | |
| Content type term | text |
| Content type code | txt |
| Source | rdacontent |
| 337 ## - MEDIA TYPE | |
| Media type term | unmediated |
| Media type code | n |
| Source | rdamedia |
| 338 ## - CARRIER TYPE | |
| Carrier type term | volume |
| Carrier type code | nc |
| Source | rdacarrier |
| 650 ## - SUBJECT ADDED ENTRY--TOPICAL TERM | |
| Subject / Department | Internet Marketing |
| 700 1# - ADDED ENTRY--PERSONAL NAME | |
| Personal name | Elad, Joel, |
| 263 ## - PROJECTED PUBLICATION DATE | |
| Projected publication date | 2003 |
| 264 #1 - PRODUCTION, PUBLICATION, DISTRIBUTION, MANUFACTURE, AND COPYRIGHT NOTICE | |
| Place of production, publication, distribution, manufacture | Indianapolis : |
| Name of producer, publisher, distributor, manufacturer | John Wiley and Sons, |
| Date of production, publication, distribution, manufacture, or copyright notice | 2020. |
| 906 ## - LOCAL DATA ELEMENT F, LDF (RLIN) | |
| a | 0 |
| b | ibc |
| c | orignew |
| d | 2 |
| e | epcn |
| f | 20 |
| g | y-gencatlg |
| 952 ## - LOCATION AND ITEM INFORMATION (KOHA) | |
| -- | 0 |
| -- | 0 |
| 952 ## - LOCATION AND ITEM INFORMATION (KOHA) | |
| -- | 0 |
| -- | 0 |
| 952 ## - LOCATION AND ITEM INFORMATION (KOHA) | |
| -- | 0 |
| -- | 0 |
| Lost status | Damaged status | Permanent Location | Current Location | Shelving Location | Date acquired | Full Call Number | Accession No./Barcode | Date last seen | item type |
|---|---|---|---|---|---|---|---|---|---|
| Superior Information Resource Center (SIRC) Superior University- Gold Campus | Superior Information Resource Center (SIRC) Superior University- Gold Campus | Marketing | 06/08/2023 | 025.04 BEL-S 2020 | 19280 | 06/08/2023 | BOOK | ||
| Superior Information Resource Center (SIRC) Superior University- Gold Campus | Superior Information Resource Center (SIRC) Superior University- Gold Campus | Marketing | 07/31/2023 | 025.04 BEL-S 2020 | 19521 | 07/31/2023 | BOOK | ||
| Superior Information Resource Center (SIRC) Superior University- Gold Campus | Superior Information Resource Center (SIRC) Superior University- Gold Campus | Marketing | 07/31/2023 | 025.04 BEL-S 2020 | 19522 | 07/31/2023 | BOOK |
